Responses for Show #6941 - Monday, November 17, 2014

2014 Tournament of Champions semifinal game 1.

Contestants

[<< previous game]

Julia Collins, a 20-time Jeopardy! champion from Kenilworth, Illinois

Jared Hall, a consultant from Washington, D.C.

Terry O'Shea, a junior at Princeton University from Bridgewater, New Jersey

[next game >>]

Jeopardy! Round responses

BORDERING THE RED SEA
FICTION-ALE
DOUBLE "D" WORDS
STUFF
BOTANY
IN MEMORIAM 2014
    $200 30
Egypt

Jared
    $200 6
Futurama

Julia
    $200 29
huddle

Terry
    $200 3
a train

Jared
    $200 20
mushrooms

Terry
    $200 1
Shirley Temple

Jared
    $400 4
Sudan

Julia
    $400 7
the Romulans

Triple Stumper
    $400 19
griddle

Julia
    $400 5
Mae West

Triple Stumper
    $400 21
(Julia: What is a begonia?)

a pimpernel

TerryJulia
    $400 10
Ariel Sharon

Jared
    $1,000 11
(Alex: Jared?)
(Jared: What is Sana'a?)

Mocha

Jared
    $600 2
The Lord of the Rings

Julia
    $600 16
an eddy

Terry
    $600 25
squash

Jared
    $600 22
(Jared: What is Cyprus?)
...
(Alex: I have one in my yard. What is a [*]?)

Ficus

Jared
Triple Stumper
    $600 13
Unbroken

Julia
    $800 26
Eritrea

Jared
    $800 8
butterbeer

Julia
    $800 17
haddock

Terry
    $800 28
general delivery

Triple Stumper
    $800 23
a cherry tree

Terry
    $800 14
Ruby Dee

Jared
    $1000 12
Eilat

Julia
    $1000 9
Friends

Julia
    $1000 18
food additives

Triple Stumper
    $1000 27
Tribeca

Julia
    $1000 24
hydrangea

Triple Stumper
    $1000 15
(Alex: I'll try to clear my throat while you watch these commercials.)

Nadine Gordimer

Jared

Scores at the first commercial break (after clue 15):

Terry Jared Julia
$0 $1,600 $4,600

Scores at the end of the Jeopardy! Round:

Terry Jared Julia
$3,000 $2,600 $5,600

Double Jeopardy! Round responses

ANCIENT ARCHITECTURE ACADEMY
GREAT AMERICAN NOVELS
THE 19th CENTURY
RHYME 3 TIMES
(Alex: In [*] each response will be three rhyming words.)
IN BLACK & WHITE
IN "GREY"
    $400 30
thesaurus

Terry
    $400 7
The Red Badge of Courage

Julia
    $400 24
Laredo

Julia
    $400 29
(Jared: What is a... [Sighs])

a nude, rude dude

TerryJared
    $400 21
Schindler's List

Jared
    $400 19
Earl Grey tea

Julia
    $800 23
Doric

Julia
    $800 3
The Color Purple

Jared
    $800 4
Shaka

Jared
    $800 17
the cry of a sly spy

Terry
    $800 11
The Third Man

Triple Stumper
    $800 18
(Alex: [*] in Canada.)

the Grey Cup

Julia
    $1200 16
the stage

Jared
    $1200 2
From Here to Eternity

Julia
    $2,000 15
Bessemer

Jared
    $1200 22
a dinner of a thinner winner

Jared
    $1200 20
(Julia: What is The Shawshank Redemption?)
...
(Alex: "What is [*]?" Sidney Poitier and Tony Curtis. Julia, back to you.)
(Julia: That was not in black & white. [Chuckles])

The Defiant Ones

Julia
Triple Stumper
    $1200 10
Lord Greystoke

Jared
    $1600 9
a bedroom

Triple Stumper
    $4,200 5
(Jared: What is Night?)

Sophie's Choice

Jared
    $1600 12
the Decembrists

Triple Stumper
    $1600 28
the sole mole role

Terry
    $1600 25
Alexander Payne

Julia
    $1600 13
(Alex: Said of Cardinal Richelieu, [*].)

the Grey Eminence

Triple Stumper
    $2000 1
Severus

Triple Stumper
    $2000 8
Blood Meridian

Jared
    $2000 6
(Jared: Who is Borglum?)

Mathew Brady

TerryJared
    $2000 27
a mock rock clock

Julia
    $2000 26
Young Frankenstein

Jared
    $2000 14
Greyfriars Bobby

Triple Stumper

Scores at the end of the Double Jeopardy! Round:

Terry Jared Julia
$8,200 $7,600 $12,000

[wagering suggestions for these scores]

Final Jeopardy! Round responses

THE OTHER SIDE OF THE GLOBE
(Alex: [To Julia] And the Duke of [*] is correct.)
JaredWhat is ?
$0
TerryWhat is Santiago?
$0
JuliaWhat is Wellington?
$4,500
Wellington

Final scores:

Terry Jared Julia
$8,200 $7,600 $16,500
2nd place: $10,000 3rd place: $10,000 Finalist

Game dynamics:

Coryat scores:

Terry Jared Julia
$8,200 $12,000 $12,000
11 R,
0 W
17 R
(including 1 DD),
5 W
(including 2 DDs)
17 R,
2 W

Combined Coryat: $32,200

[game clues] [game scores] [suggest correction]

Game tape date: 2014-10-01
The J! Archive is created by fans, for fans. Scraping, republication, monetization, and malicious use prohibited; this site may use cookies and collect identifying information. See terms. The Jeopardy! game show and all elements thereof, including but not limited to copyright and trademark thereto, are the property of Jeopardy Productions, Inc. and are protected under law. This website is not affiliated with, sponsored by, or operated by Jeopardy Productions, Inc. Join the discussion at JBoard.tv.